000 00692nam a2200277Ia 4500
005 20260324120326.0
008 008 260324s9999 xx 000 0 eng d
020 _a9780429171543
037 _aEBOOK
040 _aCRL
040 _beng
040 _cCRL
041 _2eng
041 _aeng
084 _qCRL
100 _aTheresa Araújo; Rui Dinis
_91158121
245 0 _aAnalytical Evaluation of Nonlinear Distortion Effects on Multicarrier Signals
260 _bTaylor and Francis
260 _c2015
365 _a
365 _b195
856 _uhttp://www.taylorfrancis.com/books/9780429171543
942 _cEBOOK
999 _c1749590
_d1749590